LEADER 01490nam 2200409 450 001 9910376556103321 005 20230807211844.0 010 $a1-4503-3988-3 035 $a(CKB)3710000000729999 035 $a(WaSeSS)IndRDA00104340 035 $a(EXLCZ)993710000000729999 100 $a20180905d2015 uy 0 101 0 $aeng 135 $aur||||||||||| 181 $ctxt$2rdacontent 182 $cc$2rdamedia 183 $acr$2rdacarrier 200 00$aERM4CT '15 $eproceedings of the International Workshop on Emotion Representations and Modelling for Companion Technologies : November 13, 2015, Seattle, Washington, USA /$fsponsored by ACM SIGCHI 210 1$aNew York :$cACM,$d2015. 215 $a1 online resource (40 pages) 300 $aIncludes index. 517 1 $aEmotion Representations and Modelling for Companion Technologies 2015 517 1 $aProceedings of the International Workshop on Emotion Representations and Modelling for Companion Technologies 606 $aHuman-computer interaction$vCongresses 606 $aEmotions$xComputer simulation$vCongresses 606 $aPattern recognition systems$vCongresses 615 0$aHuman-computer interaction 615 0$aEmotions$xComputer simulation 615 0$aPattern recognition systems 676 $a004.019 712 02$aSIGCHI (Group : U.S.), 801 0$bWaSeSS 801 1$bWaSeSS 906 $aBOOK 912 $a9910376556103321 996 $aERM4CT '15$91980961 997 $aUNINA LEADER 01912oam 2200649zu 450 001 9911019475603321 005 20251116153954.0 010 $a3-527-61969-0 035 $a(CKB)1000000000687636 035 $a(SSID)ssj0000354280 035 $a(PQKBManifestationID)11264307 035 $a(PQKBTitleCode)TC0000354280 035 $a(PQKBWorkID)10320239 035 $a(PQKB)11519953 035 $a(EXLCZ)991000000000687636 100 $a20160829d2006 uy 101 0 $aeng 181 $ctxt 182 $cc 183 $acr 200 00$aHandbook of dendritic cells : biology, diseases, and therapies 210 31$a[Place of publication not identified]$cWiley VCH$d2006 300 $aBibliographic Level Mode of Issuance: Monograph 311 08$a3-527-31109-2 606 $aDendritic cells 606 $aDendritic Cells 606 $aAntigen-Presenting Cells 606 $aMononuclear Phagocyte System 606 $aEpithelial Cells 606 $aImmune System 606 $aCells 606 $aAnatomy 606 $aHemic and Immune Systems 606 $aMicrobiology & Immunology$2HILCC 606 $aBiology$2HILCC 606 $aHealth & Biological Sciences$2HILCC 615 0$aDendritic cells. 615 2$aDendritic Cells. 615 2$aAntigen-Presenting Cells. 615 2$aMononuclear Phagocyte System. 615 2$aEpithelial Cells. 615 2$aImmune System. 615 2$aCells. 615 2$aAnatomy. 615 2$aHemic and Immune Systems. 615 7$aMicrobiology & Immunology 615 7$aBiology 615 7$aHealth & Biological Sciences 676 $a616.079 702 $aLutz$b Manfred B. 702 $aSteinkasserer$b A 702 $aRomani$b Nikolaus 801 0$bPQKB 906 $aBOOK 912 $a9911019475603321 996 $aHandbook of dendritic cells : biology, diseases, and therapies$94420581 997 $aUNINA